Clic Où se trouvent ces stades français ? - Statistiques

Statistiques générales
  • Ce quiz a été pris 93 fois
  • Le résultat moyen est 24 sur 60
Statistiques - réponses
Hint Réponse % Correct
Stade Geoffroy-Guichard Saint-Étienne
91%
Stade Vélodrome Marseille
84%
Stade de Gerland Lyon
82%
Stade Pierre-Mauroy Villeneuve-d'Ascq - Lille
82%
Stade de la Beaujoire Nantes
81%
Stade de l'Abbé-Deschamps Auxerre
77%
Stade Bollaert-Delelis Lens
74%
Roazhon Park Rennes
74%
Stade de France Saint-Denis
69%
Stade de Roudourou Guingamp
68%
Stade Chaban-Delmas Bordeaux
66%
Stade de la Meinau Strasbourg
66%
Stade de la Licorne Amiens
64%
Stade de la Mosson Montpellier
64%
Stade Raymond-Kopa Angers
62%
Stade Francis-Le Blé Brest
59%
Stade Océane Le Havre
58%
Stade Jean-Bouin Paris
58%
Stade Saint-Symphorien Longeville-lès-Metz
55%
Stade des Alpes Grenoble
54%
Stade du Moustoir Lorient
54%
Stade Marcel-Michelin Clermont-Ferrand
53%
Stade Mayol Toulon
53%
Stade Ernest-Wallon Toulouse
51%
Stade Michel-d'Ornano Caen
46%
Stade Auguste-Delaune Reims
45%
Stade Marcel-Picot Tomblaine - Nancy
45%
Stade Auguste-Bonal Montbéliard
41%
Stade du Hainaut Valenciennes
38%
Stade Marcel-Deflandre La Rochelle
32%
Stade Michel-Moretti Ajaccio
31%
Stade Armand-Cesari Furiani - Bastia
31%
Parc des sports d'Aguiléra Biarritz
30%
Stade Gaston-Gérard Dijon
30%
Stade Francis-Le-Basser Laval
28%
Stade Jean-Dauger Bayonne
26%
Stade Pierre-Fabre Castres
26%
Stade de la Rabine Vannes
26%
Stade Armandie Agen
24%
Stade Sapiac Montauban
23%
Stade du Hameau Pau
23%
Stade de l'Épopée Calais
20%
Stade Gaston-Petit Châteauroux
20%
Stade Amédée-Domenech Brive-la-Gaillarde
18%
Stade Aimé-Giral Perpignan
18%
Stade de Beaublanc Limoges
16%
Stade Louis-Dugauguez Sedan
16%
Stade Dominique-Duvauchelle Créteil
15%
Stade Charles-Mathon Oyonnax
15%
Stade Raoul-Barrière Béziers
12%
Stade Marie-Marvingt Le Mans
12%
Stade Jacques-Rimbault Bourges
9%
Stade Pierre de Coubertin Cannes
9%
Stade Maurice-Trélut Tarbes
9%
Stade Pierre-Brisson Beauvais
8%
Stade Jean-Laville Gueugnon
8%
Stade Georges-Pompidou Valence
8%
Stade Pierre-Aliker Fort-de-France
7%
Stade Parsemain Fos-sur-Mer
7%
Stade Antoine-Béguère Lourdes
4%
Aucun quiz correspondant
Distribution des résultats
% des personnes avec chaque résultat
Percentile par nombre de réponses
Votre historique - résultats
Vous n’avez pas pris ce quiz